| 000 | 00957nam a2200289 i 4500 | ||
|---|---|---|---|
| 001 | 66481 | ||
| 003 | ES-MaACL | ||
| 005 | 20250823110734.0 | ||
| 007 | t| | ||
| 008 | 030108s2002 sp ||||0| spa d | ||
| 020 | _a84-89457-27-1 | ||
| 040 |
_aM-BN _bspa _cM-BN |
||
| 080 | _a929 Bretón, Tomás | ||
| 080 | _a78 Bretón, Tomás | ||
| 100 | 1 |
_aSánchez, Víctor. _9102431 |
|
| 245 | 1 | 0 |
_aTomás Bretón _b: un músico de la Restauración / _cVíctor Sánchez. |
| 260 |
_aMadrid : _bICCMU, _c[2002] |
||
| 300 |
_a525 p : _bil ; _c24 cm. |
||
| 490 | 1 |
_aMúsica hispana. Textos _nBiografías ; _v13 |
|
| 504 | _aBibliografía: p. 499-504. Indice. | ||
| 600 | 1 | 4 |
_aBretón, Tomás, _d1850-1923- _vBiografías _931634 |
| 650 | 1 | 7 |
_aZarzuela _2embne _9136568 |
| 710 | 2 |
_aInstituto Complutense de Ciencias Musicales. _94816 |
|
| 830 | 0 | 0 |
_aMúsica hispana _v13 _9232876 |
| 852 |
_aES-MaACL _jL-26946 _bR.132522 |
||
| 999 |
_c66481 _d66481 |
||